| 000 | 00650nam a2200169 4500 | ||
|---|---|---|---|
| 001 | 113971 | ||
| 003 | ES-MaACL | ||
| 005 | 20230906190039.0 | ||
| 007 | t| | ||
| 008 | 061121s1968 sp r ||||1| spa d | ||
| 100 | 1 |
_aPalma Rodríguez, Fermín. _988621 |
|
| 245 | 1 | 0 |
_aVida y obra del doctor Martínez Molina, anatómico y cirujano del siglo XIX / _cFermín Palma Rodríguez. |
| 260 |
_aSalamanca : _bUniversidad, Seminario de Historia de la Medicina Española, _c1968. |
||
| 300 |
_a42 p., 16 lám. ; _c25 cm. |
||
| 710 | 2 |
_aUniversidad de Salamanca. _bSeminario de Historia de la Medicina Española. _97291 |
|
| 852 |
_aES-MaACL _jC-36917 _bR.71008 |
||
| 999 |
_c113971 _d113971 |
||